000
00293nam a22001337a 4500
008
170619b xxu||||| |||| 00| 0 eng d
020
_a
9781421412436
041
_a
eng
080
_a
32
100
_a
20
101
_a
SHP
245
_a
WILL CHINA DEMOCRATIZE?
_c
NATHAN,A.J
942
_2
udc
_c
BK
999
_c
18091
_d
18091